Σχολείο και οικογένεια

Αποθηκεύτηκε σε:
Λεπτομέρειες βιβλιογραφικής εγγραφής
Κύριος συγγραφέας: Freinet, Celestin
Μορφή: Βιβλίο
Γλώσσα:Greek
Δημοσίευση: Αθήναι : Νέο Σχολείο, [196-?]
Σειρά:Παιδαγωγική βιβλιοθήκη (Εκδόσεις Νέο Σχολείο) ; 20
Θέματα:
Ετικέτες: Προσθήκη ετικέτας
Δεν υπάρχουν, Καταχωρήστε ετικέτα πρώτοι!

MARC

LEADER 00000cam a2200000 i 4500
001 1/54921
008 040517q19601965 gre d
035 |l 10073343 
040 |a GR-MY-UA  |b gre  |e aacr 
041 0 |a gre 
082 0 |a 370.193 
100 1 |a Freinet, Celestin. 
245 1 0 |a Σχολείο και οικογένεια /  |c C. Freinet ; μετάφραση Γιώργου Α. Βασδέκη 
260 |a Αθήναι :   |b Νέο Σχολείο,   |c [196-?] 
300 |a 176 σ. 
490 1 |a Παιδαγωγική βιβλιοθήκη  |v ; 20 
650 0 0 |a Home and school. 
830 0 |a Παιδαγωγική βιβλιοθήκη (Εκδόσεις Νέο Σχολείο)  |v ; 20 
852 |a INST  |b RHODES  |c AKA  |e 20040517  |h  370.193 FRE  |p 005400019100  |q 005400019100  |t BK  |y 0 
901 |a BIBL4-2004-2 
909 |a Ρ  |b 109417 
970 |a ΚΟΥΛΑΚΙΟΤΗ  |b ΛΙΤΣΑ  |z 2004/05/17